000 00695nam a2200229 a 4500
001 6713
003 BD-RjUL
005 20211208234310.0
008 160922s1952 nyua 000 0 eng
035 _a(BD-RjUL)6754
040 _aDLC
_cODaWU
_dOCoLC
_dDLC
_dBD-RjUL
_beng
041 _aeng
082 0 0 _a351
_bSTP 1952
_223
100 1 _aStein, Harold,
_d1902-1966,
_96484
245 1 0 _aPublic administration and policy development :
_bA case book /
_cHarold Stein.
260 _aNew York :
_bHarcourt, Brace,
_c1952.
300 _a860 p. :
_billus.
_c25 cm.
650 0 _aPublic administration.
_921100
710 2 _aInter-university Case Program.
_921101
942 _2ddc
_cBK
999 _c6713
_d6713